Sports Quiz

Random Sports or Baseball Quiz

MLB NL MVPs Quiz Stats

 Plays Quiz Updated Apr 25, 2018

Score 0/88 Timer 10:00
41 Plays Today
Year Player % Correct
1990Barry Bonds
97.8%
1992Barry Bonds
97.8%
1993Barry Bonds
97.8%
2001Barry Bonds
97.8%
2002Barry Bonds
97.8%
2003Barry Bonds
97.8%
2004Barry Bonds
97.8%
2005Albert Pujols
95.8%
2008Albert Pujols
95.8%
2006Ryan Howard
94.7%
2017Giancarlo Stanton
94.4%
2015Bryce Harper
94%
2011Ryan Braun
92.9%
1999Chipper Jones
91.9%
2014Clayton Kershaw
90.6%
2016Kris Bryant
90.5%
2012Buster Posey
89.8%
2007Jimmy Rollins
88.6%
2018Christian Yelich
86.9%
2013Andrew McCutchen
86.6%
1998Sammy Sosa
84.6%
1994Jeff Bagwell
82.4%
1980Mike Schmidt
79%
1981Mike Schmidt
79%
1986Mike Schmidt
79%
1997Larry Walker
78.9%
2009Albert Pujols
78.2%
1949Jackie Robinson
78.1%
1973Pete Rose
78%
1954Willie Mays
77.4%
Year Player % Correct
1965Willie Mays
77.4%
1961Frank Robinson
77.3%
1968Bob Gibson
75.9%
1988Kirk Gibson
75.9%
2000Jeff Kent
75.8%
1943Stan Musial
75.2%
1946Stan Musial
75.2%
1948Stan Musial
75.2%
1970Johnny Bench
75%
1972Johnny Bench
75%
1958Ernie Banks
72.9%
1959Ernie Banks
72.9%
1957Hank Aaron
72.7%
1975Joe Morgan
72.4%
1976Joe Morgan
72.4%
1966Roberto Clemente
69.7%
1995Barry Larkin
68.6%
1979Willie Stargell & Keith Hernandez
68.4%
1984Ryne Sandberg
67.9%
1987Andre Dawson
62.8%
1963Sandy Koufax
62.7%
1982Dale Murphy
60.1%
1983Dale Murphy
60.1%
2010Joey Votto
60%
1996Ken Caminiti
59.9%
1969Willie McCovey
59.9%
1991Terry Pendleton
49.6%
1951Roy Campanella
48.6%
1953Roy Campanella
48.6%
1955Roy Campanella
48.6%
Year Player % Correct
1989Kevin Mitchell
47%
1977George Foster
46.5%
1985Willie McGee
44%
1974Steve Garvey
42.4%
1978Dave Parker
40.9%
1971Joe Torre
34.2%
1934Dizzy Dean
33.6%
1967Orlando Cepeda
30.4%
1962Maury Wills
30%
1956Don Newcombe
26%
1937Joe Medwick
24.2%
1964Ken Boyer
23.4%
1960Dick Groat
22.3%
1932Chuck Klein
21.9%
1933Carl Hubbell
20.9%
1936Carl Hubbell
20.9%
1931Frankie Frisch
20.3%
1935Gabby Hartnett
17.7%
1938Ernie Lombardi
17.4%
1950Jim Konstanty
13.9%
1952Hank Sauer
13.3%
1944Marty Marion
12.3%
1942Mort Cooper
11.4%
1945Phil Cavarretta
10%
1940Frank McCormick
10%
1941Dolph Camilli
9.9%
1939Bucky Walters
9.9%
1947Bob Elliott
8.7%

You're not logged in!

Compare scores with friends on all Sporcle quizzes.
OR
Log In

You Might Also Like...

Show Comments

Extras

Top Quizzes Today


Score Distribution

Your Account Isn't Verified!

In order to create a playlist on Sporcle, you need to verify the email address you used during registration. Go to your Sporcle Settings to finish the process.

Report this User

Report this user for behavior that violates our Community Guidelines.

Details: